000 00861nai a2200217Ia 4500
003 IN-BaIIA
008 211028c9999 xx s 000 0 eng d
022 _a2168-2690 (Print)
022 _a2168-2704 (Online)
040 _cIIA Library
245 0 _aTransactions of the IRE Professional Group on Information Theory
_h[eJournal]
260 _aNew York, USA
_bThe Institute of Electrical and Electronics Engineers, Inc. (IEEE)
310 _aBiannualy
362 _a1(1); 1953 - 4(4); 1954
521 _bSubscribed through National Knowledge Resource Consortium (NKRC)
650 _a Computing and Processing
_948785
650 _a Signal Processing and Analysis
_948813
650 _aCommunication, Networking and Broadcast Technologies
856 _uhttps://ieeexplore.ieee.org/servlet/opac?punumber=4547596
_yClick Here to Access eJournal
942 _cEJ
999 _c35828
_d35828